000 01149nam a2200289 a 4500
001 000033135
003 OSt
005 20201117144254.0
008 090904s2011 dr abc 000 0 spa d
020 _a9789945875485
040 _aDO-SdBNP
_bspa
_cBNPHU
082 _a325.7294
_bI57h
245 0 0 _aInmigrantes haitianos y mercado laboral :
_bestudios sobre los trabajadores de la construcción y de la producción del guineo en República Dominicana /
_cFrank Báez Evertsz... [et.al].
260 _aSanto Domingo :
_bOMLAD,
_c2011.
300 _a223 p. :
_bil., gráf.,mapas ;
_c26 cm.
504 _aBibliografía : p. 209-223
590 _aInventariado, 2018/BT
650 4 _aTrabajadores de la construcción
_zRepública Dominicana
_917162
650 4 _aTrabajadores agrícolas
_zRepública Dominicana
_98414
650 4 _aHaitianos en república dominicana
_92246
650 4 _aProducción agropecuaria
_zRepública Dominicana
_919604
650 4 _aBanano
_xCultivo
_912319
700 1 2 _aBáez Evertsz, Frank
_958796
710 2 _aObservatorio del Mercado Laboral Dominicano
_958797
910 _aControl de calidad. MFF
942 _2ddc
_cLBS1
999 _c32626
_d32626